Town planning and the surveyor

Bibliographic Details
Main Author: Burke, Gerald (Author)
Format: Book
Language:English
Published: London : Pitman , 1980
Subjects:

MARC

LEADER 00000cam a2200000 7i4500
001 0000003593
005 20240927.0
008 240904 enka eng
040 |a INS   |b eng   |e rda 
090 0 0 |a HT395.G7   |b .B87 1980 
100 1 |a Burke, Gerald ,   |e author 
245 1 0 |a Town planning and the surveyor   |c Gerald Burke 
260 |a London :   |b Pitman ,   |c 1980 
300 |a x, 254 pages :   |b illustrations ;   |c 26 cm. 
336 |a text  |2 rdacontent 
337 |a unmediated  |2 rdamedia 
338 |a volume  |2 rdacarrier 
504 |a Includes bibliographical references and index 
650 0 |a City Planning   |z Great Britain 
650 0 |a Regional planning   |z Great Britain 
650 0 |a Surveying   |z Great Britain 
999 |a 0000001181   |b BOOK   |c Open Shelf   |e Default branch 
999 |a 0000021998   |b BOOK   |c Open Shelf   |e Default branch 
999 |a 0000022078   |b BOOK   |c Open Shelf   |e Default branch